Central Library OPAC University of Rajshahi

A creed of the Fatimids : (Record no. 33043)

MARC details
000 -LEADER
fixed length control field 00781nam a22002412a 4500
001 - CONTROL NUMBER
control field 33043
003 - CONTROL NUMBER IDENTIFIER
rucl marc code BD-RjUL
005 - DATE AND TIME OF LATEST TRANSACTION
control field 20211209051933.0
008 - FIXED-LENGTH DATA ELEMENTS--GENERAL INFORMATION
fixed length control field 140429s1936 ii 000 0 eng d
035 ## - SYSTEM CONTROL NUMBER
System control number (BD-RjUL)33133
040 ## - CATALOGING SOURCE
Original cataloging agency MBB
Transcribing agency MBB
Modifying agency OCL
-- PAU
-- BD-RjUL
Language of cataloging eng
041 ## - LANGUAGE CODE
Language code of text/sound track or separate title eng
082 ## - DEWEY DECIMAL CLASSIFICATION NUMBER
Classification number 297.822
Author mark and year ALC 1936
090 ## - LOCALLY ASSIGNED LC-TYPE CALL NUMBER (OCLC); LOCAL CALL NUMBER (OCLC)
Classification number (OCLC) (R) ; Classification number, CALL (RLIN) (NR) BP195.I8
Local cutter number (OCLC) ; Book number/undivided call number, CALL (RLIN) A5
100 1# - MAIN ENTRY--PERSONAL NAME
Personal name Alī ibn Muhammad ibn alW̄alid,
Dates associated with a name d. 1215.
9 (RLIN) 100409
245 12 - TITLE STATEMENT
Title A creed of the Fatimids :
Remainder of title (a summary of the Tajull̓-a̓qai̓d, by Sayyid-na A̓li b. Muhammad b. al-Walid, ob. 612/1215) /
Statement of responsibility, etc. by W. Ivanow
260 ## - PUBLICATION, DISTRIBUTION, ETC. (IMPRINT)
Place of publication, distribution, etc. Bombay :
Name of publisher, distributor, etc. Qayyimah Press,
Date of publication, distribution, etc. 1936
300 ## - PHYSICAL DESCRIPTION
Pagination viii, 82 p. :
Size 19 cm
650 #0 - SUBJECT ADDED ENTRY--TOPICAL TERM
Topical term or geographic name as entry element Ismailites
9 (RLIN) 100410
Topical term or geographic name as entry element Fatimites
9 (RLIN) 83077
700 1# - ADDED ENTRY--PERSONAL NAME
Personal name Ivanow, Wladimir.
942 ## - ADDED ENTRY ELEMENTS (KOHA)
Source of classification or shelving scheme Dewey Decimal Classification
Koha item type Books
Holdings
Lost status Source of classification or shelving scheme Damaged status Not for loan Collection code Permanent Location Current Location Shelving location Date acquired Source of acquisition Cost, normal purchase price Total Checkouts Full call number Date last seen Copy number Koha item type
  Dewey Decimal Classification   Not For Loan Non-fiction Central Library, University of Rajshahi Central Library, University of Rajshahi Reading Room 11/05/1963 Zeitlinger 71.00   297.822 ALC 1936 29/04/2014 C-1 Books